Planet earth : earthquake
| Other Authors: | |
|---|---|
| Format: | Book |
| Published: |
Amsterdam :
Time-Life Books ,
1989
|
| Series: | Planet Earth
|
| Subjects: |
MARC
| LEADER | 00000cam a2200000 7i4500 | ||
|---|---|---|---|
| 001 | 0000004303 | ||
| 002 | 000004624 | ||
| 005 | 20000330.0 | ||
| 020 | |a 0705407403 | ||
| 090 | 0 | 0 | |a 523.3 |b PLA |
| 245 | 1 | 0 | |a Planet earth : |b earthquake |c Bryce Walker |
| 260 | |a Amsterdam : |b Time-Life Books , |c 1989 | ||
| 300 | |a 176 : |b ill ; |c 26cm. | ||
| 490 | 0 | |a Planet Earth | |
| 650 | 0 | 0 | |a Earthquakes |
| 700 | 1 | |a Walker, Bryce | |
| 999 | |a 030276 |b BUKU |c RUJUKAN |e PERPUSTAKAAN KOMUNITI PETALING JAYA | ||